Municipios de España con más de 10.000 habitantes - Estadísticas

Estadísticas generales
  • Esta prueba ha sido intentada 655 veces
    361 desde el último reinicio
  • La puntuación promedio es 366 de 783
Respuestas en el mapa
Las respuestas están codificadas por una escala verde-roja en el mapa de la prueba según el % correcto abajo.
 
Estadísticas de respuestas
Top Municipio Población Comunidad % Correcto
18 A Coruña 251 277 Galicia
97%
3 València 841 558 C. de Valencia
97%
14 Vigo 295 735 Galicia
97%
24 Oviedo 223 576 Asturias
96%
8 Palma 443 196 Islas Baleares
96%
68 Lugo 100 071 Galicia
95%
1 Madrid 3 477 497 C. de Madrid
95%
10 Alacant/Alicante 365 586 C. de Valencia
94%
44 Badajoz 150 870 Extremadura
94%
2 Barcelona 1 713 247 Cataluña
94%
11 Bilbao 350 975 País Vasco
94%
73 Cáceres 96 598 Extremadura
94%
661 Castelló d'Empúries 12 275 Cataluña
94%
12 Córdoba 324 159 Andalucía
94%
16 Gijón 271 259 Asturias
94%
20 Granada 235 294 Andalucía
94%
48 Huelva 143 774 Andalucía
94%
54 León 124 091 Castilla León
94%
6 Málaga 597 173 Andalucía
94%
7 Murcia 477 631 Murcia
94%
62 Ourense 105 609 Galicia
94%
103 Palencia 77 369 Castilla León
94%
46 Salamanca 145 583 Castilla León
94%
39 Santander 175 082 Cantabria
94%
5 Sevilla 688 714 Andalucía
94%
213 Teruel 36 521 Aragón
94%
85 Toledo 87 074 Castilla La Mancha
94%
13 Valladolid 301 798 Castilla León
94%
4 Zaragoza 699 007 Aragón
94%
40 Albacete 175 068 Castilla La Mancha
93%
30 Almería 204 772 Andalucía
93%
37 Burgos 178 370 Castilla León
93%
36 Castelló de la Plana 183 709 C. de Valencia
93%
105 Ciudad Real 76 087 Castilla La Mancha
93%
61 Girona 108 352 Cataluña
93%
45 Lleida 147 369 Cataluña
93%
49 Tarragona 143 260 Cataluña
93%
131 Zamora 59 857 Castilla León
93%
59 Cádiz 110 123 Andalucía
92%
25 Cartagena 220 400 Murcia
92%
92 Ceuta 83 567 *
92%
144 Cuenca 53 761 Castilla La Mancha
92%
35 Donostia/San Sebastián 189 507 País Vasco
92%
139 Huesca 55 033 Aragón
92%
57 Jaén 112 119 Andalucía
92%
722 La Palma del Condado 10 858 Andalucía
92%
15 L'Hospitalet de Llobregat 292 161 Cataluña
92%
43 Logroño 151 681 La Rioja
92%
86 Melilla 87 067 *
92%
29 Pamplona/Iruña 209 676 Navarra
92%
17 Vitoria-Gasteiz 260 402 País Vasco
92%
132 Ávila 59 480 Castilla León
91%
76 Guadalajara 92 798 Castilla La Mancha
91%
9 Las Palmas de Gran Canaria 384 023 Canarias
91%
128 Mérida 60 319 Extremadura
91%
181 Soria 40 941 Castilla León
91%
19 Elx/Elche 245 575 C. de Valencia
90%
343 Ibi 24 662 C. de Valencia
90%
26 Jerez de la Frontera 215 025 Andalucía
90%
23 Sabadell 224 589 Cataluña
90%
150 Segovia 52 189 Castilla León
90%
42 Marbella 160 478 Andalucía
89%
419 Palma del Río 20 535 Andalucía
89%
599 Santa Cruz de Bezana 13 886 Cantabria
89%
542 Santa Cruz de la Palma 15 763 Canarias
89%
28 Santa Cruz de Tenerife 211 498 Canarias
89%
66 Santiago de Compostela 100 842 Galicia
89%
102 Alcalá de Guadaíra 77 718 Andalucía
88%
31 Alcalá de Henares 202 549 C. de Madrid
88%
658 Alcalá del Río 12 353 Andalucía
88%
395 Alcalá la Real 21 577 Andalucía
88%
22 Badalona 230 642 Cataluña
88%
141 Eivissa 54 628 Islas Baleares
88%
33 Getafe 195 628 C. de Madrid
88%
556 Mos 15 221 Galicia
88%
93 Pontevedra 83 339 Galicia
88%
72 San Sebastián de los Reyes 97 330 C. de Madrid
86%
644 Santiago del Teide 12 656 Canarias
86%
53 Algeciras 126 500 Andalucía
85%
50 Dos Hermanas 142 463 Andalucía
85%
27 Móstoles 214 293 C. de Madrid
85%
104 Benidorm 77 211 C. de Valencia
83%
32 Leganés 195 946 C. de Madrid
83%
125 Ponferrada 63 112 Castilla León
83%
58 Reus 111 911 Cataluña
82%
122 Ferrol 64 903 Galicia
81%
34 Fuenlabrada 189 814 C. de Madrid
81%
90 Talavera de la Reina 84 413 Castilla La Mancha
81%
769 Vilanova de Arousa 10 182 Galicia
81%
75 San Fernando 93 490 Andalucía
80%
194 San Fernando de Henares 39 033 C. de Madrid
80%
21 Terrassa 232 676 Cataluña
80%
38 Alcorcón 176 806 C. de Madrid
79%
124 Irun 63 737 País Vasco
79%
186 Plasencia 40 224 Extremadura
79%
60 Roquetas de Mar 110 054 Andalucía
79%
111 Vilanova i la Geltrú 71 305 Cataluña
79%
423 Lalín 20 255 Galicia
78%
70 Lorca 98 613 Murcia
78%
313 Sant Joan d'Alacant 26 772 C. de Valencia
78%
219 Sant Joan Despí 35 811 Cataluña
78%
712 Sant Joan de Vilatorrada 11 109 Cataluña
78%
65 Barakaldo 103 084 País Vasco
77%
89 Fuengirola 84 857 Andalucía
77%
120 La Línea de la Concepción 65 420 Andalucía
77%
233 Aranda de Duero 33 904 Castilla León
76%
94 Gandia 82 909 C. de Valencia
76%
67 Torrevieja 100 470 C. de Valencia
76%
212 Miranda de Ebro 36 617 Castilla León
75%
359 Villanueva de la Cañada 23 784 C. de Madrid
75%
322 Villanueva de la Serena 25 751 Extremadura
75%
471 Villanueva del Pardillo 18 415 C. de Madrid
75%
56 Alcobendas 123 222 C. de Madrid
74%
107 Avilés 75 915 Asturias
74%
244 Ciutadella de Menorca 32 719 Islas Baleares
74%
202 Don Benito 38 009 Extremadura
74%
81 El Puerto de Santa María 90 242 Andalucía
74%
591 Jaca 14 012 Aragón
74%
258 Salou 31 018 Cataluña
74%
41 San Cristóbal de La Laguna 161 927 Canarias
74%
466 Tarifa 18 627 Andalucía
74%
47 Torrejón de Ardoz 144 211 C. de Madrid
74%
741 Torrejón de la Calzada 10 618 C. de Madrid
74%
84 Vélez-Málaga 87 798 Andalucía
74%
123 Aranjuez 63 838 C. de Madrid
73%
52 Mataró 131 370 Cataluña
73%
362 San Juan de Aznalfarache 23 455 Andalucía
73%
783 San Juan del Puerto 10 006 Andalucía
73%
197 Tudela 38 773 Navarra
73%
153 Vic 50 405 Cataluña
73%
145 Vila-real 53 634 C. de Valencia
73%
129 Motril 60 160 Andalucía
72%
136 Pinto 56 592 C. de Madrid
72%
165 Puertollano 45 699 Castilla La Mancha
72%
151 Torrelavega 51 668 Cantabria
72%
112 Torremolinos 71 270 Andalucía
72%
87 Valdemoro 86 078 C. de Madrid
72%
429 Calatayud 20 152 Aragón
71%
160 Dénia 47 568 C. de Valencia
71%
154 Figueres 49 556 Cataluña
71%
259 Maó 30 986 Islas Baleares
71%
64 Rivas-Vaciamadrid 103 243 C. de Madrid
71%
137 Linares 55 689 Andalucía
70%
51 Parla 138 012 C. de Madrid
70%
236 Úbeda 33 605 Andalucía
70%
126 Alcoi/Alcoy 61 613 C. de Valencia
69%
763 Astorga 10 300 Castilla León
69%
303 Eibar 27 464 País Vasco
69%
80 El Ejido 90 617 Andalucía
69%
69 Las Rozas de Madrid 99 579 C. de Madrid
69%
96 Manresa 80 692 Cataluña
69%
114 Sanlúcar de Barrameda 69 952 Andalucía
69%
79 Chiclana de la Frontera 90 997 Andalucía
68%
116 Collado Villalba 67 956 C. de Madrid
68%
98 Estepona 79 593 Andalucía
68%
196 Los Palacios y Villafranca 38 778 Andalucía
68%
155 Manacor 49 275 Islas Baleares
68%
235 Ronda 33 708 Andalucía
68%
571 Sanlúcar la Mayor 14 633 Andalucía
68%
100 Benalmádena 78 787 Andalucía
67%
705 Cangas del Narcea 11 290 Asturias
67%
97 Coslada 80 365 C. de Madrid
67%
106 Getxo 75 967 País Vasco
67%
109 Majadahonda 73 662 C. de Madrid
67%
91 Orihuela 84 279 C. de Valencia
67%
247 Sant Pere de Ribes 32 613 Cataluña
66%
772 Sant Vicenç de Castellet 10 167 Cataluña
66%
292 Sant Vicenç dels Horts 28 760 Cataluña
66%
78 Torrent 91 353 Cataluña
66%
417 Benicàssim/Benicasim 20 586 C. de Valencia
65%
314 Cangas 26 698 Galicia
65%
82 Pozuelo de Alarcón 89 474 C. de Madrid
65%
110 Sagunt/Sagunto 73 416 C. de Valencia
65%
71 Sant Cugat del Vallès 97 959 Cataluña
65%
208 Tomelloso 37 185 Castilla La Mancha
65%
148 Utrera 52 489 Andalucía
65%
205 Águilas 37 761 Murcia
64%
487 Barbastro 17 799 Aragón
64%
119 El Prat de Llobregat 66 251 Cataluña
64%
278 Lepe 29 869 Andalucía
64%
281 Rota 29 620 Andalucía
64%
586 Santa Coloma de Farners 14 218 Cataluña
64%
55 Santa Coloma de Gramenet 123 250 Cataluña
64%
127 Sant Vicent del Raspeig/San Vicente del Raspeig 60 428 C. de Valencia
64%
177 Antequera 41 823 Andalucía
63%
130 Arganda del Rey 60 105 C. de Madrid
63%
330 Calahorra 25 292 La Rioja
63%
237 Castro-Urdiales 33 392 Cantabria
63%
261 Hellín 30 911 Castilla La Mancha
63%
368 Laguna de Duero 22 999 Castilla León
63%
752 Lena 10 411 Asturias
63%
77 Cornellà de Llobregat 92 255 Cataluña
62%
461 Guadix 18 877 Andalucía
62%
63 Telde 104 933 Canarias
62%
217 Tortosa 36 258 Cataluña
62%
203 Vilagarcía de Arousa 37 975 Galicia
62%
551 Villaviciosa 15 386 Asturias
62%
275 Villaviciosa de Odón 30 068 C. de Madrid
62%
220 Azuqueca de Henares 35 733 Castilla La Mancha
61%
505 Benavente 17 276 Castilla León
61%
115 Castelldefels 69 689 Cataluña
61%
280 San Pedro del Pinatar 29 726 Murcia
61%
346 Almansa 24 603 Castilla La Mancha
60%
228 Almendralejo 34 544 Extremadura
60%
113 Arrecife 70 265 Canarias
60%
383 Ayamonte 22 238 Andalucía
60%
544 Baeza 15 567 Andalucía
60%
671 Coria 12 004 Extremadura
60%
255 Coria del Río 31 292 Andalucía
60%
240 Illescas 33 167 Castilla La Mancha
60%
424 Medina del Campo 20 238 Castilla León
60%
680 Medina Sidonia 11 870 Andalucía
60%
74 Mijas 94 320 Andalucía
60%
101 Molina de Segura 78 210 Murcia
60%
297 Paiporta 28 237 C. de Valencia
60%
167 Portugalete 44 864 País Vasco
60%
142 Tres Cantos 54 506 C. de Madrid
60%
171 Vilafranca del Penedès 42 561 Cataluña
60%
659 Villafranca de los Barros 12 285 Extremadura
60%
214 Yecla 36 398 Murcia
60%
134 Colmenar Viejo 58 654 C. de Madrid
59%
199 Langreo 38 615 Asturias
59%
309 Sant Andreu de la Barca 27 069 Cataluña
59%
676 Sant Andreu de Llavaneres 11 910 Cataluña
59%
168 Alcantarilla 43 791 Murcia
58%
686 Ciudad Rodrigo 11 733 Castilla León
58%
188 Écija 39 797 Andalucía
58%
690 Formentera 11 690 Islas Baleares
58%
666 Haro 12 153 La Rioja
58%
394 Isla Cristina 21 617 Andalucía
58%
489 Manzanares 17 699 Castilla La Mancha
58%
191 Olot 39 516 Cataluña
58%
190 Santa Pola 39 622 C. de Valencia
58%
266 Valdepeñas 30 698 Castilla La Mancha
58%
425 Vera 20 193 Andalucía
58%
327 Villarrobledo 25 418 Castilla La Mancha
58%
264 Xàbia/Jávea 30 817 C. de Valencia
58%
521 Zafra 16 708 Extremadura
58%
209 Cambrils 37 068 Cataluña
57%
218 Inca 36 076 Islas Baleares
57%
176 Lloret de Mar 41 944 Cataluña
57%
385 Nerja 22 062 Andalucía
57%
403 Requena 21 050 C. de Valencia
57%
95 Rubí 82 825 Cataluña
57%
180 Torre-Pacheco 41 158 Murcia
57%
495 Tui 17 499 Galicia
57%
252 Alcázar de San Juan 31 907 Castilla La Mancha
56%
298 Almuñécar 28 011 Andalucía
56%
271 Benicarló 30 394 C. de Valencia
56%
304 Calp 27 440 C. de Valencia
56%
355 Conil de la Frontera 24 133 Andalucía
56%
138 Elda 55 554 C. de Valencia
56%
215 San Javier 36 385 Murcia
56%
448 Utebo 19 135 Aragón
56%
225 Villena 34 729 C. de Valencia
56%
260 Xàtiva 30 925 C. de Valencia
56%
373 Arroyo de la Encomienda 22 778 Castilla León
55%
432 Chipiona 20 078 Andalucía
55%
223 Cieza 35 452 Cantabria
55%
503 El Escorial 17 322 C. de Madrid
55%
169 Lucena 43 410 Andalucía
55%
222 Mazarrón 35 642 Murcia
55%
216 Mieres 36 368 Asturias
55%
770 Mora 10 174 Castilla La Mancha
55%
88 Sant Boi de Llobregat 85 317 Cataluña
55%
121 Granollers 65 123 Cataluña
54%
519 Hondarribia 16 768 País Vasco
54%
646 L'Alcúdia 12 574 C. de Valencia
54%
627 La Seu d'Urgell 13 003 Cataluña
54%
454 Monforte de Lemos 18 989 Galicia
54%
173 Puerto Real 42 472 Andalucía
54%
152 Adeje 50 612 Canarias
53%
332 Almonte 25 236 Andalucía
53%
416 Baza 20 657 Andalucía
53%
510 Gernika-Lumo 17 081 País Vasco
53%
174 Igualada 42 449 Cataluña
53%
305 Jumilla 27 434 Murcia
53%
238 Navalcarnero 33 352 C. de Madrid
53%
457 San Lorenzo de El Escorial 18 942 C. de Madrid
53%
366 Sant Feliu de Guíxols 23 060 Cataluña
53%
162 Sant Feliu de Llobregat 46 688 Cataluña
53%
163 Santurtzi 46 530 País Vasco
53%
83 Arona 89 036 Canarias
52%
118 Boadilla del Monte 66 319 C. de Madrid
52%
488 Daimiel 17 741 Castilla La Mancha
52%
607 Llanes 13 529 Asturias
52%
301 Paracuellos de Jarama 27 649 C. de Madrid
52%
283 Sant Antoni de Portmany 29 455 Islas Baleares
52%
265 Sant Josep de sa Talaia 30 702 Islas Baleares
52%
329 Torrelodones 25 324 C. de Madrid
52%
636 Vilanova del Camí 12 886 Cataluña
52%
377 Alcúdia 22 459 Islas Baleares
51%
221 Andújar 35 677 Andalucía
51%
256 Arcos de la Frontera 31 281 Andalucía
51%
287 Camas 29 191 Andalucía
51%
735 Laredo 10 675 Cantabria
51%
469 Monzón 18 465 Aragón
51%
210 Ontinyent 36 847 C. de Valencia
51%
108 Paterna 75 805 C. de Valencia
51%
426 Roses 20 175 Cataluña
51%
276 San Andrés del Rabanedo 29 996 Castilla León
51%
224 San Roque 34 873 Andalucía
51%
172 Santa Eulària des Riu 42 496 Islas Baleares
51%
99 Santa Lucía de Tirajana 79 506 Canarias
51%
262 Seseña 30 889 Castilla La Mancha
51%
246 Sitges 32 690 Cataluña
51%
430 Tolosa 20 121 País Vasco
51%
691 Utiel 11 639 C. de Valencia
51%
117 Viladecans 67 536 Cataluña
51%
269 Vinaròs 30 516 C. de Valencia
51%
338 Altea 24 731 C. de Valencia
50%
673 Béjar 11 990 Castilla León
50%
320 Caravaca de la Cruz 26 236 Murcia
50%
211 Galapagar 36 805 C. de Madrid
50%
683 Olivenza 11 775 Extremadura
50%
526 Alcañiz 16 447 Aragón
49%
367 Amposta 23 047 Cataluña
49%
375 Barbate 22 686 Andalucía
49%
273 Durango 30 181 País Vasco
49%
580 Estella-Lizarra 14 356 Navarra
49%
158 Gavà 48 181 Cataluña
49%
463 Huércal de Almería 18 763 Andalucía
49%
412 Huércal-Overa 20 801 Andalucía
49%
279 La Oliva 29 864 Canarias
49%
299 La Pobla de Vallbona 27 777 C. de Valencia
49%
206 La Vila Joiosa/Villajoyosa 37 578 C. de Valencia
49%
504 Navalmoral de la Mata 17 297 Extremadura
49%
242 Níjar 32 772 Andalucía
49%
277 Puente Genil 29 977 Andalucía
49%
149 Rincón de la Victoria 52 355 Andalucía
49%
407 San Martín de la Vega 20 936 C. de Madrid
49%
546 San Martín del Rey Aurelio 15 526 Asturias
49%
146 Siero 52 997 Asturias
49%
720 Tafalla 10 867 Navarra
49%
361 Zarautz 23 467 País Vasco
49%
175 Blanes 42 446 Cataluña
48%
204 Borriana/Burriana 37 803 C. de Valencia
48%
143 Calvià 54 082 Islas Baleares
48%
147 Mollet del Vallès 52 759 Cataluña
48%
535 Ocaña 16 039 Castilla La Mancha
48%
227 Salt 34 603 Cataluña
48%
195 Sant Adrià de Besòs 38 980 Cataluña
48%
420 Silla 20 484 C. de Valencia
48%
507 Tarancón 17 207 Castilla La Mancha
48%
353 Alhama de Murcia 24 227 Murcia
47%
378 Arrasate/Mondragón 22 411 País Vasco
47%
135 Cerdanyola del Vallès 58 264 Cataluña
47%
192 Errenteria 39 341 País Vasco
47%
550 Fraga 15 400 Aragón
47%
541 La Roda 15 792 Castilla La Mancha
47%
351 Mairena del Alcor 24 354 Andalucía
47%
159 Mairena del Aljarafe 48 032 Andalucía
47%
307 Morón de la Frontera 27 200 Andalucía
47%
164 Puerto del Rosario 46 182 Canarias
47%
437 San Bartolomé 19 744 Canarias
47%
140 San Bartolomé de Tirajana 54 925 Canarias
47%
717 Santoña 10 881 Cantabria
47%
295 Sestao 28 473 País Vasco
47%
719 Tarazona 10 872 Aragón
47%
508 Bailén 17 128 Andalucía
46%
267 Catarroja 30 612 C. de Valencia
46%
157 Esplugues de Llobregat 48 424 Cataluña
46%
493 Guadarrama 17 545 C. de Madrid
46%
347 Los Barrios 24 588 Andalucía
46%
382 Moncada/Montcada 22 252 C. de Valencia
46%
207 Montcada i Reixac 37 446 Cataluña
46%
727 Ripoll 10 812 Cataluña
46%
482 Sanxenxo 17 990 Galicia
46%
561 Sa Pobla 15 106 Islas Baleares
46%
324 Adra 25 579 Andalucía
45%
438 Amorebieta-Etxano 19 639 País Vasco
45%
229 Arteixo 34 389 Galicia
45%
185 Basauri 40 262 País Vasco
45%
506 Ejea de los Caballeros 17 219 Aragón
45%
568 La Carolina 14 692 Andalucía
45%
300 Lebrija 27 767 Andalucía
45%
312 Oliva 26 820 C. de Valencia
45%
458 Palamós 18 921 Cataluña
45%
473 Puerto Lumbreras 18 240 Murcia
45%
166 Alhaurín de la Torre 45 324 Andalucía
44%
302 Alhaurín el Grande 27 610 Andalucía
44%
200 Arroyomolinos 38 185 Extremadura
44%
472 Baena 18 335 Andalucía
44%
494 Berga 17 539 Cataluña
44%
414 Calella 20 775 Cataluña
44%
270 Carmona 30 408 Andalucía
44%
344 Cullera 24 621 C. de Valencia
44%
409 Loja 20 923 Andalucía
44%
349 Martos 24 441 Andalucía
44%
384 Montilla 22 192 Andalucía
44%
408 O Porriño 20 935 Galicia
44%
253 Puerto de la Cruz 31 589 Canarias
44%
530 Punta Umbría 16 274 Andalucía
44%
566 Santa Marta de Tormes 14 949 Castilla León
44%
230 Totana 34 162 Murcia
44%
402 Algete 21 194 C. de Madrid
43%
608 Betanzos 13 508 Galicia
43%
433 Cabra 19 986 Andalucía
43%
315 Novelda 26 612 C. de Valencia
43%
486 Pollença 17 801 Islas Baleares
43%
742 Premià de Dalt 10 601 Cataluña
43%
284 Premià de Mar 29 348 Cataluña
43%
710 San Antonio de Benagéber 11 154 C. de Valencia
43%
156 Alzira 48 604 C. de Valencia
42%
331 Armilla 25 259 Andalucía
42%
490 Balaguer 17 667 Cataluña
42%
248 Calafell 32 429 Cataluña
42%
319 Ciempozuelos 26 254 C. de Madrid
42%
422 Hernani 20 378 País Vasco
42%
418 Humanes de Madrid 20 549 C. de Madrid
42%
761 La Bañeza 10 326 Castilla León
42%
170 La Orotava 42 669 Canarias
42%
444 Lasarte-Oria 19 413 País Vasco
42%
183 Llucmajor 40 450 Islas Baleares
42%
474 Lora del Río 18 215 Andalucía
42%
243 Manises 32 747 C. de Valencia
42%
501 Osuna 17 390 Andalucía
42%
390 Priego de Córdoba 21 731 Andalucía
42%
291 Redondela 28 928 Galicia
42%
641 Salobreña 12 711 Andalucía
42%
282 Sueca 29 544 C. de Valencia
42%
453 Tàrrega 18 991 Cataluña
42%
389 Torrox 21 795 Andalucía
42%
563 Arnedo 15 076 La Rioja
41%
754 Caspe 10 405 Aragón
41%
415 Los Llanos de Aridane 20 662 Canarias
41%
290 Martorell 28 989 Cataluña
41%
326 Valls 25 540 Cataluña
41%
296 Algemesí 28 248 C. de Valencia
40%
178 Burjassot 41 743 C. de Valencia
40%
251 Carballo 32 095 Galicia
40%
470 El Astillero 18 445 Cantabria
40%
179 El Vendrell 41 195 Cataluña
40%
479 Laudio/Llodio 18 063 País Vasco
40%
398 La Unión 21 318 Murcia
40%
379 Maracena 22 372 Andalucía
40%
443 Marchena 19 416 Andalucía
40%
357 Marín 23 976 Galicia
40%
231 Petrer 34 035 C. de Valencia
40%
274 Pineda de Mar 30 071 Cataluña
40%
405 Sant Just Desvern 21 045 Cataluña
40%
603 Sarria 13 776 Galicia
40%
623 Vejer de la Frontera 13 117 Andalucía
40%
339 El Masnou 24 727 Cataluña
39%
187 Narón 39 890 Galicia
39%
198 Oleiros 38 750 Galicia
39%
318 Onda 26 297 C. de Valencia
39%
348 Palafrugell 24 556 Cataluña
39%
350 Pilar de la Horadada 24 359 C. de Valencia
39%
547 Santa Fe 15 526 Andalucía
39%
595 Vilalba 13 946 Galicia
39%
354 Vila-seca 24 158 Cataluña
39%
436 Albolote 19 770 Andalucía
38%
232 Barberà del Vallès 34 031 Cataluña
38%
254 El Campello 31 567 C. de Valencia
38%
133 Granadilla de Abona 59 126 Canarias
38%
249 La Vall d'Uixó 32 220 C. de Valencia
38%
245 Leioa 32 708 País Vasco
38%
428 Los Alcázares 20 163 Murcia
38%
480 Manilva 18 044 Andalucía
38%
537 Meco 15 979 C. de Madrid
38%
335 Mejorada del Campo 24 976 C. de Madrid
38%
446 Moaña 19 316 Galicia
38%
356 Moguer 24 014 Andalucía
38%
364 Picassent 23 157 C. de Valencia
38%
310 Quart de Poblet 26 939 C. de Valencia
38%
308 Ribeira 27 110 Galicia
38%
581 Santa María de Guía de Gran Canaria 14 334 Canarias
38%
778 Santa Maria de Palautordera 10 060 Cataluña
38%
597 Verín 13 921 Galicia
38%
562 Viveiro 15 091 Galicia
38%
285 Cártama 29 264 Andalucía
37%
182 La Rinconada 40 747 Andalucía
37%
558 Montijo 15 195 Extremadura
37%
475 Torredembarra 18 190 Cataluña
37%
410 Banyoles 20 887 Cataluña
36%
509 Bermeo 17 116 País Vasco
36%
263 Crevillent 30 880 C. de Valencia
36%
421 La Zubia 20 398 Andalucía
36%
184 Marratxí 40 434 Islas Baleares
36%
483 Mula 17 986 Murcia
36%
612 O Barco de Valdeorras 13 370 Galicia
36%
334 Olesa de Montserrat 25 000 Cataluña
36%
515 Pozoblanco 16 918 Andalucía
36%
189 Ripollet 39 773 Cataluña
36%
321 Santa Perpètua de Mogoda 26 101 Cataluña
36%
288 Vícar 29 104 Andalucía
36%
455 Villaquilambre 18 968 Castilla León
36%
440 Barañáin/Barañain 19 588 Navarra
35%
707 Brunete 11 261 C. de Madrid
35%
268 Camargo 30 557 Cantabria
35%
600 Cambados 13 863 Galicia
35%
637 Campo de Criptana 12 883 Castilla La Mancha
35%
709 Cassà de la Selva 11 167 Cataluña
35%
316 Coín 26 474 Andalucía
35%
669 Deltebre 12 074 Cataluña
35%
596 El Casar 13 924 Castilla La Mancha
35%
376 Esparreguera 22 639 Cataluña
35%
468 Guardamar del Segura 18 541 C. de Valencia
35%
360 Las Gabias 23 763 Andalucía
35%
397 Manlleu 21 321 Cataluña
35%
650 Orpesa/Oropesa del Mar 12 483 C. de Valencia
35%
352 San Miguel de Abona 24 307 Canarias
35%
358 Teguise 23 946 Canarias
35%
400 Vilassar de Mar 21 234 Cataluña
35%
464 Yaiza 18 698 Canarias
35%
226 Aldaia 34 644 C. de Valencia
34%
413 Archena 20 795 Murcia
34%
406 Atarfe 20 952 Andalucía
34%
365 Bormujos 23 086 Andalucía
34%
445 La Nucia 19 329 C. de Valencia
34%
585 O Carballiño 14 238 Galicia
34%
718 O Grove 10 877 Galicia
34%
614 Palos de la Frontera 13 289 Andalucía
34%
311 Piélagos 26 859 Cantabria
34%
594 San Agustín del Guadalix 13 947 C. de Madrid
34%
459 Sant Celoni 18 916 Cataluña
34%
193 Arucas 39 193 Canarias
33%
380 Aspe 22 354 C. de Valencia
33%
401 Burlada/Burlata 21 229 Navarra
33%
388 Carcaixent 21 893 C. de Valencia
33%
393 Cartaya 21 639 Andalucía
33%
653 Estepa 12 437 Andalucía
33%
337 Galdakao 24 767 País Vasco
33%
342 Icod de los Vinos 24 675 Canarias
33%
725 La Puebla de Cazalla 10 837 Andalucía
33%
476 Nigrán 18 156 Galicia
33%
593 Sóller 13 996 Islas Baleares
33%
325 Tomares 25 577 Andalucía
33%
451 Tordera 19 047 Cataluña
33%
372 Valle de Egüés/Eguesibar 22 785 Navarra
33%
250 Xirivella 32 178 C. de Valencia
33%
525 Zizur Mayor/Zizur Nagusia 16 466 Navarra
33%
441 Arahal 19 558 Andalucía
32%
456 Boiro 18 958 Galicia
32%
579 Bollullos Par del Condado 14 377 Andalucía
32%
340 Erandio 24 721 País Vasco
32%
449 Fuente Álamo de Murcia 19 088 Murcia
32%
726 Garrucha 10 823 Andalucía
32%
679 La Puebla del Río 11 897 Andalucía
32%
371 Las Torres de Cotillas 22 814 Murcia
32%
538 Miguelturra 15 890 Castilla La Mancha
32%
293 Mutxamel 28 689 C. de Valencia
32%
539 Alpedrete 15 831 C. de Madrid
31%
771 Binéfar 10 169 Aragón
31%
700 Bollullos de la Mitación 11 443 Andalucía
31%
467 Caldes de Montbui 18 554 Cataluña
31%
498 Canovelles 17 445 Cataluña
31%
328 Castellar del Vallès 25 395 Cataluña
31%
387 Castrillón 21 986 Asturias
31%
552 Cuarte de Huerva 15 380 Aragón
31%
257 Culleredo 31 232 Galicia
31%
753 El Espinar 10 410 Castilla León
31%
447 Felanitx 19 215 Islas Baleares
31%
333 Gáldar 25 167 Canarias
31%
732 Huétor Tájar 10 760 Andalucía
31%
660 Huétor Vega 12 276 Andalucía
31%
573 La Carlota 14 520 Andalucía
31%
477 Mungia 18 135 País Vasco
31%
500 Poio 17 426 Galicia
31%
363 Ponteareas 23 206 Galicia
31%
391 Puçol 21 685 C. de Valencia
31%
652 Pulpí 12 462 Andalucía
31%
427 Sant Quirze del Vallès 20 175 Cataluña
31%
452 Teo 19 038 Galicia
31%
317 Alboraia/Alboraya 26 324 C. de Valencia
30%
657 Baiona 12 366 Galicia
30%
286 Candelaria 29 240 Canarias
30%
450 Cardedeu 19 050 Cataluña
30%
549 Cuevas del Almanzora 15 435 Andalucía
30%
706 Jódar 11 279 Andalucía
30%
404 L'Alfàs del Pi 21 046 C. de Valencia
30%
439 Malgrat de Mar 19 630 Cataluña
30%
161 Mislata 47 003 C. de Valencia
30%
588 Noia 14 108 Galicia
30%
629 Ordes 12 970 Galicia
30%
374 Aljaraque 22 772 Andalucía
29%
369 Almoradí 22 874 C. de Valencia
29%
729 Griñón 10 785 C. de Madrid
29%
502 La Garriga 17 386 Cataluña
29%
557 La Solana 15 214 Castilla La Mancha
29%
345 Riba-roja de Túria 24 609 C. de Valencia
29%
522 Ubrique 16 624 Andalucía
29%
431 A Estrada 20 101 Galicia
28%
272 Alaquàs 30 352 C. de Valencia
28%
239 Ames 33 213 Galicia
28%
655 Andratx 12 424 Islas Baleares
28%
590 Beasain 14 019 País Vasco
28%
435 Callosa de Segura 19 895 C. de Valencia
28%
662 Calonge i Sant Antoni 12 268 Cataluña
28%
442 El Viso del Alcor 19 473 Andalucía
28%
545 Ermua 15 560 País Vasco
28%
241 Ingenio 32 846 Canarias
28%
201 Los Realejos 38 161 Canarias
28%
306 Molins de Rei 27 291 Cataluña
28%
533 Pasaia 16 172 País Vasco
28%
779 Puigcerdà 10 053 Cataluña
28%
665 Socuéllamos 12 236 Castilla La Mancha
28%
618 Torredonjimeno 13 217 Andalucía
28%
582 Torrijos 14 313 Castilla La Mancha
28%
577 Valdemorillo 14 395 C. de Madrid
28%
773 Zumaia 10 154 País Vasco
28%
572 Alovera 14 533 Castilla La Mancha
27%
511 Castilleja de la Cuesta 17 068 Andalucía
27%
733 Daganzo de Arriba 10 758 C. de Madrid
27%
751 Foz 10 415 Galicia
27%
536 Mollerussa 16 016 Cataluña
27%
399 Pájara 21 254 Canarias
27%
460 Parets del Vallès 18 899 Cataluña
27%
465 Villalbilla 18 661 C. de Madrid
27%
234 Agüimes 33 875 Canarias
26%
381 Alfafar 22 266 C. de Valencia
26%
289 Almassora 29 094 C. de Valencia
26%
760 Amurrio 10 346 País Vasco
26%
513 Arenys de Mar 16 982 Cataluña
26%
672 Bullas 11 999 Murcia
26%
621 Ceutí 13 152 Murcia
26%
478 Chiva 18 122 C. de Valencia
26%
744 El Álamo 10 590 C. de Madrid
26%
370 Guía de Isora 22 846 Canarias
26%
386 Güímar 22 010 Canarias
26%
668 Lardero 12 100 La Rioja
26%
323 Llíria 25 613 C. de Valencia
26%
777 Madridejos 10 072 Castilla La Mancha
26%
396 Mogán 21 403 Canarias
26%
485 Piera 17 884 Cataluña
26%
341 Tacoronte 24 694 Canarias
26%
575 Velilla de San Antonio 14 467 C. de Madrid
26%
622 Aguilar de la Frontera 13 119 Andalucía
25%
736 Ansoáin/Antsoain 10 656 Navarra
25%
294 Bétera 28 605 C. de Valencia
25%
695 Cabanillas del Campo 11 538 Castilla La Mancha
25%
336 Cambre 24 771 Galicia
25%
481 El Rosario 18 028 Canarias
25%
528 Las Cabezas de San Juan 16 393 Andalucía
25%
639 Montgat 12 835 Cataluña
25%
392 Tías 21 671 Canarias
25%
554 Azpeitia 15 297 País Vasco
24%
667 Bolaños de Calatrava 12 121 Castilla La Mancha
24%
756 Calasparra 10 384 Murcia
24%
559 Canet de Mar 15 191 Cataluña
24%
570 Cehegín 14 650 Murcia
24%
688 Elgoibar 11 709 País Vasco
24%
604 Gines 13 660 Andalucía
24%
411 Les Franqueses del Vallès 20 855 Cataluña
24%
567 Moralzarzal 14 725 C. de Madrid
24%
766 Peñarroya-Pueblonuevo 10 252 Andalucía
24%
703 Quintanar de la Orden 11 321 Castilla La Mancha
24%
496 Rojales 17 488 C. de Valencia
24%
484 Tavernes de la Valldigna 17 933 C. de Valencia
24%
697 Tegueste 11 513 Canarias
24%
610 Yuncos 13 435 Castilla La Mancha
24%
574 Andoain 14 505 País Vasco
23%
704 Berriozar 11 317 Navarra
23%
687 La Bisbal d'Empordà 11 731 Cataluña
23%
699 Mancha Real 11 479 Andalucía
23%
497 Sada 17 469 Galicia
23%
758 Sax 10 360 C. de Valencia
23%
768 Alcaudete 10 182 Andalucía
22%
605 Álora 13 639 Andalucía
22%
694 Beniel 11 548 Murcia
22%
635 Castell d'Aro, Platja d'Aro i s'Agaró 12 889 Cataluña
22%
748 Caudete 10 481 Castilla La Mancha
22%
611 Gibraleón 13 432 Andalucía
22%
714 La Roca del Vallès 11 021 Cataluña
22%
434 L'Eliana 19 952 C. de Valencia
22%
738 L'Escala 10 641 Cataluña
22%
674 Pallejà 11 976 Cataluña
22%
462 Santa Brígida 18 790 Canarias
22%
632 Sant Sadurní d'Anoia 12 930 Cataluña
22%
701 Sonseca 11 419 Castilla La Mancha
22%
620 Aranguren 13 200 Navarra
21%
625 Badia del Vallès 13 058 Cataluña
21%
698 Cocentaina 11 486 C. de Valencia
21%
529 Cunit 16 304 Cataluña
21%
739 Massanassa 10 634 C. de Valencia
21%
553 Torelló 15 334 Cataluña
21%
663 Villamartín 12 264 Andalucía
21%
638 Albox 12 872 Andalucía
20%
746 Alcarràs 10 556 Cataluña
20%
685 Azkoitia 11 768 País Vasco
20%
532 La Ràpita 16 230 Cataluña
20%
734 Rianxo 10 755 Galicia
20%
527 Santomera 16 394 Murcia
20%
649 Torroella de Montgrí 12 507 Cataluña
20%
724 Alcàsser 10 843 C. de Valencia
19%
576 Bergara 14 415 País Vasco
19%
681 Bueu 11 829 Galicia
19%
626 Castellbisbal 13 058 Cataluña
19%
491 Cubelles 17 648 Cataluña
19%
692 Fortuna 11 563 Murcia
19%
615 La Llagosta 13 254 Cataluña
19%
715 Los Corrales de Buelna 10 950 Cantabria
19%
578 Nules 14 382 C. de Valencia
19%
598 Torredelcampo 13 894 Andalucía
19%
640 Valverde del Camino 12 739 Andalucía
19%
617 Abarán 13 225 Murcia
18%
619 Abrera 13 207 Cataluña
18%
780 Alcanar 10 048 Cataluña
18%
767 Alella 10 251 Cataluña
18%
634 Argentona 12 891 Cataluña
18%
647 Benissa 12 524 C. de Valencia
18%
631 Brenes 12 931 Andalucía
18%
516 Churriana de la Vega 16 911 Andalucía
18%
716 Llinars del Vallès 10 931 Cataluña
18%
765 Mengíbar 10 278 Andalucía
18%
696 Oñati 11 518 País Vasco
18%
728 Ordizia 10 792 País Vasco
18%
584 Pilas 14 251 Andalucía
18%
499 Albal 17 432 C. de Valencia
17%
702 Bargas 11 325 Castilla La Mancha
17%
520 Benetússer 16 759 C. de Valencia
17%
648 Campos 12 510 Islas Baleares
17%
523 Espartinas 16 574 Andalucía
17%
651 Fene 12 462 Galicia
17%
643 Fuensalida 12 662 Castilla La Mancha
17%
745 Gelves 10 558 Andalucía
17%
524 Lliçà d'Amunt 16 519 Cataluña
17%
689 Peligros 11 705 Andalucía
17%
678 Picanya 11 899 C. de Valencia
17%
762 Villacarrillo 10 323 Andalucía
17%
628 Berja 12 997 Andalucía
16%
606 Godella 13 556 C. de Valencia
16%
569 Mont-roig del Camp 14 652 Cataluña
16%
749 Oiartzun 10 468 País Vasco
16%
564 Sopela 15 040 País Vasco
16%
531 Vallirana 16 239 Cataluña
16%
609 Albatera 13 476 C. de Valencia
15%
750 Alguazas 10 419 Murcia
15%
730 Cantillana 10 768 Andalucía
15%
677 Castalla 11 900 C. de Valencia
15%
540 Corvera de Asturias 15 793 Asturias
15%
670 Etxebarri 12 035 País Vasco
15%
560 Gondomar 15 109 Galicia
15%
517 La Algaba 16 862 Andalucía
15%
656 Laviana 12 393 Asturias
15%
492 Massamagrell 17 564 C. de Valencia
15%
555 Ogíjares 15 242 Andalucía
15%
543 Palau-solità i Plegamans 15 584 Cataluña
15%
633 Santanyí 12 928 Islas Baleares
15%
721 Sedaví 10 862 C. de Valencia
15%
616 Teror 13 244 Canarias
15%
630 Teulada 12 932 C. de Valencia
15%
731 Valdés 10 763 Asturias
15%
682 Valle de Trápaga-Trapagaran 11 795 País Vasco
15%
759 Alaior 10 356 Islas Baleares
14%
565 Alginet 14 981 C. de Valencia
14%
747 Alhendín 10 507 Andalucía
14%
624 Monòver/Monóvar 13 098 C. de Valencia
14%
654 Vegas del Genil 12 433 Andalucía
14%
684 A Laracha 11 773 Galicia
13%
708 Barbadás 11 192 Galicia
13%
664 Benifaió 12 238 C. de Valencia
13%
613 Capdepera 13 298 Islas Baleares
13%
518 Carlet 16 833 C. de Valencia
13%
534 Corbera de Llobregat 16 044 Cataluña
13%
755 Gozón 10 396 Asturias
13%
592 Llanera 14 010 Asturias
13%
775 Masquefa 10 111 Cataluña
13%
512 Montornès del Vallès 17 062 Cataluña
13%
781 Palafolls 10 026 Cataluña
13%
757 Pizarra 10 383 Andalucía
13%
601 Tomiño 13 814 Galicia
13%
782 Aller 10 007 Asturias
12%
675 Arrigorriaga 11 938 País Vasco
12%
602 Canals 13 805 C. de Valencia
12%
723 Pego 10 852 C. de Valencia
12%
587 Santa Margalida 14 137 Islas Baleares
12%
743 Santa Margarida de Montbui 10 601 Cataluña
12%
514 Tuineje 16 948 Canarias
12%
693 Vilamarxant 11 552 C. de Valencia
12%
589 Antigua 14 027 Canarias
11%
583 Guillena 14 251 Andalucía
11%
740 Salvaterra de Miño 10 632 Galicia
11%
642 Benaguasil 12 707 C. de Valencia
10%
774 Bigues i Riells del Fai 10 124 Cataluña
10%
764 Carreño 10 296 Asturias
10%
548 Santa Úrsula 15 450 Canarias
10%
645 Son Servera 12 583 Islas Baleares
10%
776 Montserrat 10 095 C. de Valencia
9%
737 L'Alcora 10 646 C. de Valencia
8%
713 Meliana 11 046 C. de Valencia
8%
711 Alberic 11 109 C. de Valencia
7%
No se encontraron pruebas coincidentes
Distribución de puntuación
Porcentaje de gente con cada puntuación
Porcentaje por número respondido
Historial de tus puntuaciones
No has intentado esta prueba desde el último reinicio